Novel Developments in Dimensional Nanometrology in the Context of Geometrical Product Specifications and Verification (GPS)
Inteligentný dizajn a progresívne techniky merania. GPS (Geometrical product specifications and verification), charakteristika pojmu známeho v oblasti strojárstva, strojného inžinierstva. Precízna metrológia v modernom výrobnom prostredí. Kvalita súčiastky v kontexte GPS. Vyhliadky pre budúci vývoj.
Guardado en:
| Autor principal: | |
|---|---|
| Otros Autores: | , , , , |
| Formato: | Capítulo de libro |
| Lenguaje: | inglés |
| Materias: | |
| Etiquetas: |
Sin Etiquetas, Sea el primero en etiquetar este registro!
|
MARC
| LEADER | 00000naa a2200000 4500 | ||
|---|---|---|---|
| 001 | 0157459 | ||
| 005 | 20240502083350.4 | ||
| 041 | 0 | |a eng | |
| 044 | |a PL | ||
| 245 | 1 | 0 | |a Novel Developments in Dimensional Nanometrology in the Context of Geometrical Product Specifications and Verification (GPS) |c Numan M. Durakbasa, Herbert P. Osanna, Göcken Bas, Pinar Demircioglu, Mehmet Cakmakci, Adriana Horníková |
| 520 | |a Inteligentný dizajn a progresívne techniky merania. GPS (Geometrical product specifications and verification), charakteristika pojmu známeho v oblasti strojárstva, strojného inžinierstva. Precízna metrológia v modernom výrobnom prostredí. Kvalita súčiastky v kontexte GPS. Vyhliadky pre budúci vývoj. | ||
| 610 | 2 | 0 | |a metrológia |
| 610 | 2 | 0 | |a meranie |
| 610 | 2 | 0 | |a dizajn |
| 610 | 2 | 0 | |a výroba |
| 610 | 2 | 0 | |a priemysel strojársky |
| 610 | 2 | 0 | |a výroba strojárska |
| 100 | 1 | |a Durakbasa, Numan M. | |
| 700 | 1 | |a Osanna, Herbert P. | |
| 700 | 1 | |a Bas, Gokcen | |
| 700 | 1 | |a Demircioglu, Pinar | |
| 700 | 1 | |a Cakmakci, Mehmet | |
| 700 | 1 | |a Horníková, Adriana | |